Подробности
| 000 -МАРКЕР |
| контрольное поле |
02166nam2a22003251 4500 |
| 001 - ИДЕНТИФИКАТОР ЗАПИСИ |
| контрольное поле |
rc\4074992 |
| 005 - ИДЕНТИФИКАТОР ВЕРСИИ |
| контрольное поле |
20250611081644.0 |
| 021 ## - НОМЕР ГОСУДАРСТВЕННОЙ РЕГИСТРАЦИИ |
| Код страны |
Российская Федерация |
| Номер |
[51-33175] |
| 035 ## - ДРУГИЕ СИСТЕМНЫЕ НОМЕРА |
| Идентификатор записи |
(NLR Aleph) 008122173 |
| 100 ## - ДАННЫЕ ОБЩЕЙ ОБРАБОТКИ |
| Данные общей обработки |
20130415d1951 |||y0rusy50 ca |
| 101 0# - ЯЗЫК РЕСУРСА |
| Язык текста, звукозаписи и т.д. |
русский |
| 102 ## - СТРАНА ПУБЛИКАЦИИ ИЛИ ПРОИЗВОДСТВА |
| Страна публикации |
Российская Федерация |
| 105 ## - ПОЛЕ КОДИРОВАННЫХ ДАННЫХ: ТЕКСТОВЫЕ МАТЕРИАЛЫ, МОНОГРАФИЧЕСКИЕ |
| Кодированные данные о монографическом текстовом документе |
a z ||||| |
| 200 1# - ЗАГЛАВИЕ И СВЕДЕНИЯ ОБ ОТВЕТСТВЕННОСТИ |
| Основное заглавие |
Статьи по геоморфологии, по вопросам генезиса материковых образований и по прикладной геологии |
| Первые сведения об ответственности |
Под общ. ред. проф. О.К. Ланге |
| Последующие сведения об ответственности |
Ред. коллегия: проф. В.А. Варсанофьева [и др.] |
| 210 ## - ПУБЛИКАЦИЯ, РАСПРОСТРАНЕНИЕ И ДР. |
| Место издания, распространения и т.д. |
Москва |
| Имя издателя, распространителя и т. д. |
Изд-во Моск. о-ва испытателей природы |
| Дата издания, распространения и т.д. |
1951 |
| 215 ## - ФИЗИЧЕСКАЯ ХАРАКТЕРИСТИКА |
| Специфическое обозначение материала и объем |
184 с. |
| Другие сведения о физической характеристике |
ил. |
| 300 ## - ОБЩИЕ ПРИМЕЧАНИЯ |
| Текст примечания |
На обл.: акад. А.П. Павлов. Статьи по геоморфологии и прикладной геологии |
| 320 ## - ПРИМЕЧАНИЯ О НАЛИЧИИ В ДОКУМЕНТЕ БИБЛИОГРАФИИ / УКАЗАТЕЛЯ |
| Текст примечания |
Библиогр. в подстроч. примеч. |
| 461 #0 - УРОВЕНЬ НАБОРА |
| Встроенное поле |
001rc\4074990 |
| -- |
2001#$aИзбранные сочинения А.П. Павлова$fРед. сов.: проф. В.А. Варсанофьева, проф. Г.П. Горшков [и др.$gМоск. о-во испытателей природы. Кн.] 1-$v[Кн.] 2 |
| -- |
700#1$aПавлов$bА.П.$f1854-1929$gАлексей Петрович |
| Системный номер (АБИС) связанной записи |
9370684 |
| Автор |
Павлов, А.П. (1854-1929) |
| Место публикации |
Москва |
| Дата публикации |
1948 |
| Первые сведения об ответственности |
Ред. сов.: проф. В.А. Варсанофьева, проф. Г.П. Горшков [и др. |
| Имя издателя, распространителя и т.д. |
Ф-ка дет. книги Детгиза |
| Заглавие |
Избранные сочинения А.П. Павлова |
| Номер тома |
[Кн.] 2 |
| 606 ## - НАИМЕНОВАНИЕ ТЕМЫ КАК ПРЕДМЕТ |
| Наименование темы |
Рельеф (геоморфол.) |
| Формальный подзаголовок |
Сборники (кн. 2) |
| Код системы |
psbo |
| 606 ## - НАИМЕНОВАНИЕ ТЕМЫ КАК ПРЕДМЕТ |
| Наименование темы |
Инженерная геология |
| Формальный подзаголовок |
Сборники (кн. 2) |
| Код системы |
psbo |
| 606 ## - НАИМЕНОВАНИЕ ТЕМЫ КАК ПРЕДМЕТ |
| Наименование темы |
Геоморфология |
| Формальный подзаголовок |
Сборники (кн. 2) |
| Код системы |
psbo |
| 702 #1 - ИМЯ ЛИЦА - ВТОРИЧНАЯ ОТВЕТСТВЕННОСТЬ |
| Код отношения |
Редактор |
| Графика поля |
Кириллица |
| Материалы, к которым относится поле |
rus |
| Начальный элемент ввода |
Ланге |
| Часть имени, кроме начального элемента ввода |
О. К. |
| Даты |
1883-1975 |
| Расширение инициалов личного имени |
Октавий Константинович |
| Системный номер авторитетной/нормативной записи |
209393 |
| Идентификатор авторитетной/нормативной записи |
RU\NLR\AUTH\770209447 |
| 801 #0 - ИСТОЧНИК ЗАПИСИ |
| Страна |
Российская Федерация |
| Организация |
NLR |
| Правила каталогизации |
psbo |
| 801 #1 - ИСТОЧНИК ЗАПИСИ |
| Страна |
Российская Федерация |
| Организация |
ELAR |
| Источник данных |
rusmarc |
| 852 ## - МЕСТОНАХОЖДЕНИЕ И ШИФР ХРАНЕНИЯ |
| Идентификатор организации |
NLR |
| Шифр хранения (Call Number) |
Гн02 Г-7/137 |
| 942 ## - ДОПОЛНИТЕЛЬНЫЕ ЭЛЕМЕНТЫ ЗАПИСИ (АБИС) |
| Тип экземпляра АБИС |
Книга |
| 980 ## - КОЛЛЕКЦИЯ |
| Название коллекции |
Национальная библиография |